| 000 | 00411nam a2200145 i 4500 | ||
|---|---|---|---|
| 001 | 142768 | ||
| 003 | ES-MaACL | ||
| 007 | t| | ||
| 008 | 071009s1954 sp ||||1| spa d | ||
| 245 | 0 | 4 |
_aLos viernes del café _b: (cuentos) / _cVíctor Alperi... [et al.]. |
| 260 |
_a[Oviedo] : _bCorzo, _c[1954] |
||
| 300 |
_a113 p. ; _c15 cm. |
||
| 700 | 1 |
_aAlperi, Víctor. _920458 |
|
| 852 |
_aES-MaACL _jC-8566 _bR.36735 |
||
| 999 |
_c142768 _d142768 |
||